000 00738nam a2200253Ia 4500
003 OSt
005 20221005035611.0
006 a|||||r|||| 00| 0
007 ta
008 221004b |||||||| |||| 00| 0 urd d
020 _a9789380919584 (hbk)
_c450
024 _a26632
037 _b4624, 31/12/2015, Kitabi Duniya
_cTextual
040 _aCRL
_cCRL
_burd
041 _2urd
_aurd
082 _aO168,1N48:g, Q3
100 _aMamoon Khaleel
245 0 _aSaraswati ke kinare
_b Poetry
260 _aDelhi
_bKitabi Duniya India
_c2013
300 _a172p.
_ccm.
650 _aURDU POETRY
942 _hO168,1N48:g, Q3
_cTEXL
_2cc
999 _c945463
_d945463